Flatbreads - Sudden Death - Statistics

General Stats
  • This quiz has been taken 47 times
  • The average score is 5 of 16
Answers on the Grid
Answers color-coded by a green-red scale on the quiz's grid according to % correct below.
Naan
Pita
Tortilla
Flatkaka
Yufka
Tunnbröd
Shirmal
Roti
Dhebra
Bhakri
Bazlama
Farl
Flatbrød
Guokui
Hallulla
Injera
Zwieback
Lagana
Proja
Broa
Chipá
Mantou
Teacake
Anpan
Melonpan
Bublik
Ciabatta
Babka
Bagel
Lángos
Samoon
Shokupan
 
Answer Stats
Answer % Correct
Tortilla
83%
Pita
79%
Naan
76%
Flatbrød
72%
Roti
52%
Flatkaka
34%
Injera
21%
Farl
14%
Tunnbröd
14%
Bazlama
7%
Hallulla
7%
Shirmal
7%
Yufka
7%
Bhakri
3%
Dhebra
3%
Guokui
3%
No matching quizzes found
Score Distribution
Percent of People with Each Score
Percentile by Number Answered
Your Score History
You have not taken this quiz